Movies Quiz

Random Movies or Director Quiz

Sidney Lumet Movies Quiz Stats

 Plays Quiz Updated Mar 27, 2020

     
Support Sporcle.
Go Orange.
Score 0/42 Timer 09:00
2 Plays Today
Year Title % Correct
195712 Angry Men
81.1%
1975Dog Day Afternoon
78.1%
1976Network
66.8%
1973Serpico
64.7%
1982The Verdict
51.3%
2007Before the Devil Knows You're Dead
49.5%
1978The Wiz
44.2%
1974Murder on the Orient Express
33.8%
1981Prince of the City
30.2%
1964The Pawnbroker
29.1%
1977Equus
28%
2006Find Me Guilty
26.1%
1965The Hill
26%
1964Fail-Safe
23.7%
1962Long Day's Journey Into Night
22.8%
1988Running on Empty
22.7%
1989Family Business
21.3%
1971The Anderson Tapes
21.1%
1999Gloria
21%
1986The Morning After
20.5%
1990Q&A
20.1%
Year Title % Correct
1982Deathtrap
19.8%
1959The Fugitive Kind
17.6%
1972The Offence
17.4%
1986Power
16.4%
1996Night Falls on Manhattan
16.3%
1984Garbo Talks
15.1%
1983Daniel
15%
1966The Group
14.4%
1993Guilty As Sin
13.3%
1992A Stranger Among Us
12.8%
1972Child's Play
12.3%
1968The Sea Gull
11.6%
1968Bye Bye Braverman
11.4%
1969The Appointment
11.2%
1997Critical Care
11.2%
1980Just Tell Me What You Want
10.4%
1974Lovin' Molly
10.1%
1966The Deadly Affair
10%
1958Stage Struck
9.9%
1959That Kind of Woman
9.8%
1962A View from the Bridge
9.1%

From the Vault

Christmas Characters by Quote

by minshkins

Holiday 8m
These characters will surely light up your day.
Remove Ads.
Support Sporcle.
Get the best of Sporcle when you Go Orange. This ad-free experience offers more features, more stats, and more fun while also helping to support Sporcle. Thank you for becoming a member.

Show Comments

Extras

Top Quizzes Today


Score Distribution

Your Account Isn't Verified!

In order to create a playlist on Sporcle, you need to verify the email address you used during registration. Go to your Sporcle Settings to finish the process.

Report this User

Report this user for behavior that violates our Community Guidelines.

Details: